00349nam a22001217a 4500003000400000008004100004020001800045082002100063100003100084245006000115260003900175300001300214OSt250716b |||||||| |||| 00| 0 eng d a9789387774957 a891.431032bS53H aNaresh Kumar Sharma 'Jeev' aHindi Doha Krit Valmikiy Ramayan (Balkand Pratham Sarg) aNew DelhibShivank Prakashanc2025 aviii,71p